000 00860nam a2200265 i 4500
001 67282
003 ES-MaACL
005 20250418063151.0
007 t|
008 040517s2003 sp ||||0| spa d
020 _a84-96136-20-5
040 _aM-BN
_bspa
_cM-BN
080 _a821.134.2 Cervantes Saavedra, Miguel de 7 Quijote.07
100 1 _aRiquer, Martín de,
_d1914-2013
_9240061
245 1 0 _aPara leer a Cervantes /
_cMartín de Riquer.
250 _a1ª ed. en Acantilado.
260 _aBarcelona :
_bAcantilado,
_c2003.
300 _a574 p. ;
_c21 cm.
490 1 _aAcantilado ;
_v74
504 _aBibliografía: p. 273-281.
600 1 4 _aCervantes Saavedra, Miguel de,
_d1547-1616.
_tDon Quijote de la Mancha
_937612
830 0 _aAcantilado ;
_v74
_9182222
852 _aES-MaACL
_jL-27535
_bR.133127
999 _c67282
_d67282